[Event "TIPC 2019 Groupe A"]
[Site ""]
[Date "2019.08.02"]
[Round "8.32"]
[White "Callier, Christophe"]
[Black "Dierckens, Sarah"]
[Result "*"]
[WhiteElo "1986"]
[BlackElo "1770"]

1. e4 {[%clk 01:30:57]} {[%emt 00:00:02]} d6 {[%clk 01:29:40]} {[%emt
00:01:08]} 2. d4 {[%clk 01:31:23]} {[%emt 00:00:17]} Nf6 {[%clk 01:29:40]}
{[%emt 00:00:30]} 3. Nc3 {[%clk 01:31:44]} {[%emt 00:00:09]} e5 {[%clk
01:30:05]} {[%emt 00:00:05]} 4. Nf3 {[%clk 01:31:51]} {[%emt 00:00:23]} exd4
{[%clk 01:30:21]} {[%emt 00:00:14]} 5. Nxd4 {[%clk 01:31:41]} {[%emt 00:00:40]}
Be7 {[%clk 01:30:42]} {[%emt 00:00:08]} 6. Be2 {[%clk 01:20:56]} {[%emt
00:11:16]} O-O {[%clk 01:31:02]} {[%emt 00:00:09]} 7. O-O {[%clk 01:20:57]}
{[%emt 00:00:29]} Re8 {[%clk 01:31:25]} {[%emt 00:00:06]} 8. Re1 {[%clk
01:18:10]} {[%emt 00:03:17]} c5 {[%clk 01:18:35]} {[%emt 00:13:21]} 9. Nf3
{[%clk 01:14:20]} {[%emt 00:04:21]} Nc6 {[%clk 01:18:23]} {[%emt 00:00:41]} 10.
h3 {[%clk 01:03:10]} {[%emt 00:11:41]} a6 {[%clk 01:12:29]} {[%emt 00:06:24]}
11. a4 {[%clk 01:00:29]} {[%emt 00:03:11]} h6 {[%clk 00:59:06]} {[%emt
00:13:53]} 12. Bf1 {[%clk 00:58:08]} {[%emt 00:02:50]} Be6 {[%clk 00:58:56]}
{[%emt 00:00:40]} 13. Nd5 {[%clk 00:52:50]} {[%emt 00:05:49]} Bf8 {[%clk
00:50:17]} {[%emt 00:09:09]} 14. c3 {[%clk 00:50:28]} {[%emt 00:02:51]} g5
{[%clk 00:43:58]} {[%emt 00:24:45]} 15. g3 {[%clk 00:33:34]} Bxd5 {[%clk
00:40:33]} {[%emt 00:03:24]} 16. exd5 {[%clk 00:33:34]} {[%emt 00:00:30]} Rxe1
{[%clk 00:40:56]} {[%emt 00:00:07]} 17. Nxe1 {[%clk 00:33:33]} {[%emt
00:00:31]} Ne5 {[%clk 00:37:59]} {[%emt 00:03:26]} 18. Nf3 {[%clk 00:31:14]}
{[%emt 00:02:48]} Qe7 {[%clk 00:32:07]} {[%emt 00:06:22]} 19. Be3 {[%clk
00:28:10]} {[%emt 00:03:35]} Re8 {[%clk 00:31:00]} {[%emt 00:01:37]} 20. Rb1
{[%clk 00:27:35]} {[%emt 00:01:05]} Ne4 {[%clk 00:26:22]} {[%emt 00:05:07]} 21.
Nxe5 {[%clk 00:19:38]} {[%emt 00:08:28]} Qxe5 {[%clk 00:26:42]} {[%emt
00:00:10]} 22. g4 {[%clk 00:18:58]} {[%emt 00:01:10]} f5 {[%clk 00:24:08]}
{[%emt 00:03:05]} 23. gxf5 {[%clk 00:17:57]} {[%emt 00:32:20]} Qxf5 {[%clk
00:24:13]} 24. c4 {[%clk 00:17:18]} Bg7 {[%clk 00:23:08]} 25. Qg4 {[%clk
00:16:17]} Qxg4+ {[%clk 00:12:45]} 26. hxg4 {[%clk 00:16:39]} Nf6 {[%clk
00:13:08]} 27. b4 {[%clk 00:12:40]} Nxg4 {[%clk 00:13:15]} 28. bxc5 {[%clk
00:12:34]} Nxe3 {[%clk 00:13:07]} 29. fxe3 {[%clk 00:12:36]} dxc5 {[%clk
00:12:42]} 30. Rxb7 {[%clk 00:10:10]} Rxe3 {[%clk 00:12:19]} 31. d6 {[%clk
00:09:23]} Bd4 {[%clk 00:08:35]} {[%emt 00:01:47]} 32. d7 {[%clk 00:06:33]}
{[%emt 00:03:20]} Re8+ {[%clk 00:08:37]} {[%emt 00:00:28]} 33. Kh1 {[%clk
00:06:26]} {[%emt 00:00:37]} Rd8 {[%clk 00:06:40]} {[%emt 00:02:27]} 34. Bh3
{[%clk 00:04:02]} {[%emt 00:02:54]} h5 {[%clk 00:07:06]} {[%emt 00:00:05]} 35.
Rc7 {[%clk 00:03:00]} {[%emt 00:01:32]} g4 {[%clk 00:07:27]} {[%emt 00:00:08]}
36. Rc8 {[%clk 00:02:20]} {[%emt 00:01:10]} Bf6 {[%clk 00:07:52]} {[%emt
00:00:05]} 37. Bg2 {[%clk 00:02:21]} {[%emt 00:00:29]} Be7 {[%clk 00:05:54]}
{[%emt 00:02:28]} 38. Bb7 {[%clk 00:01:48]} {[%emt 00:01:03]} a5 {[%clk
00:05:11]} {[%emt 00:01:13]} 39. Bc6 {[%clk 00:01:17]} {[%emt 00:01:01]} Kg7
{[%clk 00:03:43]} {[%emt 00:01:58]} 40. Kg2 {[%clk 00:01:13]} {[%emt 00:00:34]}
h4 {[%clk 00:02:08]} {[%emt 00:02:05]} 41. Kf2 {[%clk 00:24:18]} {[%emt
00:07:25]} Kf6 {[%clk 00:31:41]} {[%emt 00:00:57]} 42. Ke3 {[%clk 00:23:04]}
{[%emt 00:01:44]} Ke5 {[%clk 00:32:02]} {[%emt 00:00:09]} *

[Event "TIPC 2019 Groupe A"]
[Site ""]
[Date "2019.08.02"]
[Round "8.10"]
[White "Van Droogenbroeck, Marc"]
[Black "Faybish, Nimrod"]
[Result "0-1"]
[WhiteElo "2114"]
[BlackElo "2220"]

1. e4 {[%clk 01:25:44]} {[%emt 00:05:15]} c5 {[%clk 01:30:45]} {[%emt
00:00:15]} 2. Nf3 {[%clk 01:26:08]} {[%emt 00:00:06]} Nc6 {[%clk 01:31:02]}
{[%emt 00:00:13]} 3. d4 {[%clk 01:24:07]} {[%emt 00:02:31]} cxd4 {[%clk
01:31:26]} {[%emt 00:00:07]} 4. Nxd4 {[%clk 01:24:35]} {[%emt 00:00:02]} Nf6
{[%clk 01:31:44]} {[%emt 00:00:11]} 5. Nc3 {[%clk 01:25:01]} {[%emt 00:00:05]}
e5 {[%clk 01:31:51]} {[%emt 00:00:23]} 6. Ndb5 {[%clk 01:23:08]} {[%emt
00:02:23]} d6 {[%clk 01:32:03]} {[%emt 00:00:17]} 7. Nd5 {[%clk 01:22:14]}
{[%emt 00:01:25]} Nxd5 {[%clk 01:32:27]} {[%emt 00:00:06]} 8. exd5 {[%clk
01:22:31]} {[%emt 00:00:12]} Nb8 {[%clk 01:32:52]} {[%emt 00:00:05]} 9. c4
{[%clk 01:22:09]} {[%emt 00:00:52]} Be7 {[%clk 01:09:35]} {[%emt 00:23:47]} 10.
Be2 {[%clk 00:49:58]} {[%emt 00:32:41]} Nd7 {[%clk 00:58:35]} {[%emt 00:11:30]}
11. O-O {[%clk 00:44:50]} {[%emt 00:05:38]} O-O {[%clk 00:58:12]} {[%emt
00:00:54]} 12. Be3 {[%clk 00:44:30]} {[%emt 00:00:49]} a6 {[%clk 00:58:38]}
{[%emt 00:00:04]} 13. Nc3 {[%clk 00:44:24]} {[%emt 00:00:36]} f5 {[%clk
00:59:04]} {[%emt 00:00:03]} 14. f3 {[%clk 00:42:25]} {[%emt 00:02:30]} Bg5
{[%clk 00:59:22]} {[%emt 00:00:13]} 15. Qd2 {[%clk 00:41:52]} {[%emt 00:01:03]}
Bxe3+ {[%clk 00:59:41]} {[%emt 00:00:11]} 16. Qxe3 {[%clk 00:42:19]} {[%emt
00:00:01]} a5 {[%clk 00:58:26]} {[%emt 00:01:46]} 17. Na4 {[%clk 00:38:46]}
{[%emt 00:21:54]} b6 {[%clk 00:56:41]} 18. a3 {[%clk 00:38:18]} Nc5 {[%clk
00:54:51]} 19. Nxc5 {[%clk 00:35:53]} bxc5 {[%clk 00:47:29]} 20. b4 {[%clk
00:33:37]} {[%emt 00:01:15]} axb4 {[%clk 00:47:27]} {[%emt 00:00:32]} 21. axb4
{[%clk 00:34:05]} {[%emt 00:00:02]} Rxa1 {[%clk 00:47:28]} {[%emt 00:00:28]} 22.
Rxa1 {[%clk 00:34:33]} {[%emt 00:00:01]} cxb4 {[%clk 00:47:52]} {[%emt
00:00:06]} 23. Rb1 {[%clk 00:30:44]} {[%emt 00:04:19]} Qa5 {[%clk 00:46:46]}
{[%emt 00:01:36]} 24. Qd2 {[%clk 00:30:53]} {[%emt 00:00:21]} Rf7 {[%clk
00:33:21]} {[%emt 00:13:55]} 25. Qxb4 {[%clk 00:30:26]} {[%emt 00:00:57]} Qa7+
{[%clk 00:32:19]} {[%emt 00:01:33]} 26. Qb6 {[%clk 00:30:55]} {[%emt 00:00:01]}
Qa3 {[%clk 00:26:10]} {[%emt 00:06:39]} 27. Qc6 {[%clk 00:23:46]} {[%emt
00:07:38]} Rf8 {[%clk 00:21:17]} {[%emt 00:34:20]} 28. Rb6 {[%clk 00:19:59]} e4
{[%clk 00:12:50]} 29. Rb1 {[%clk 00:11:33]} Qe3+ {[%clk 00:07:39]} 30. Kf1
{[%clk 00:11:57]} exf3 {[%clk 00:08:04]} 31. gxf3 {[%clk 00:12:06]} Re8 {[%clk
00:08:09]} 32. Re1 {[%clk 00:11:03]} {[%emt 00:01:24]} f4 {[%clk 00:08:19]}
{[%emt 00:00:20]} 33. Kg2 {[%clk 00:11:21]} {[%emt 00:00:12]} Qe5 {[%clk
00:03:58]} {[%emt 00:04:51]} 34. Qb6 {[%clk 00:10:39]} {[%emt 00:01:12]} Qg5+
{[%clk 00:03:14]} {[%emt 00:01:14]} 35. Kh1 {[%clk 00:11:08]} {[%emt 00:00:01]}
Qh4 {[%clk 00:03:35]} {[%emt 00:00:09]} 36. Qg1 {[%clk 00:11:07]} {[%emt
00:00:31]} Re5 {[%clk 00:03:17]} {[%emt 00:00:47]} 37. Ra1 {[%clk 00:08:32]}
{[%emt 00:03:06]} Rxe2 {[%emt 00:00:23]} 38. Ra7 {[%clk 00:09:01]} Re1 {[%clk
00:02:04]} {[%emt 00:01:51]} 39. Rxg7+ {[%clk 00:09:28]} {[%emt 00:00:02]} Kf8
{[%clk 00:02:28]} {[%emt 00:00:15]} 40. c5 {[%clk 00:09:15]} {[%emt 00:00:28]}
0-1

[Event "TIPC 2019 Groupe A"]
[Site ""]
[Date "2019.08.02"]
[Round "8.29"]
[White "Barbier, Wim"]
[Black "Denivet, Axel"]
[Result "1-0"]
[WhiteElo "2068"]
[BlackElo "1932"]

1. e4 {[%clk 01:30:49]} {[%emt 00:00:10]} c5 {[%clk 01:30:56]} {[%emt
00:00:04]} 2. Nf3 {[%clk 01:31:14]} {[%emt 00:00:05]} Nc6 {[%clk 01:31:25]} 3.
d4 {[%clk 01:31:37]} {[%emt 00:00:08]} cxd4 {[%clk 01:31:54]} {[%emt 00:00:02]}
4. Nxd4 {[%clk 01:31:59]} {[%emt 00:00:08]} Nf6 {[%clk 01:32:23]} {[%emt
00:00:01]} 5. Nc3 {[%clk 01:32:20]} {[%emt 00:00:09]} e5 {[%clk 01:32:52]}
{[%emt 00:00:02]} 6. Ndb5 {[%clk 01:32:43]} {[%emt 00:00:06]} d6 {[%clk
01:33:21]} {[%emt 00:00:01]} 7. Bg5 {[%clk 01:32:45]} {[%emt 00:00:27]} a6
{[%clk 01:33:50]} {[%emt 00:00:02]} 8. Na3 {[%clk 01:32:56]} {[%emt 00:00:18]}
b5 {[%clk 01:34:19]} {[%emt 00:00:01]} 9. Bxf6 {[%clk 01:33:17]} {[%emt
00:00:09]} gxf6 {[%clk 01:34:34]} {[%emt 00:00:14]} 10. Nd5 {[%clk 01:33:40]}
{[%emt 00:00:07]} f5 {[%clk 01:34:17]} {[%emt 00:00:47]} 11. Bd3 {[%clk
01:31:16]} {[%emt 00:02:55]} Be6 {[%clk 01:34:04]} {[%emt 00:00:43]} 12. c4
{[%clk 01:26:10]} {[%emt 00:05:36]} Nd4 {[%clk 01:20:02]} {[%emt 00:14:32]} 13.
cxb5 {[%clk 01:19:15]} {[%emt 00:07:25]} Bxd5 {[%clk 01:19:07]} {[%emt
00:01:24]} 14. exd5 {[%clk 01:18:40]} {[%emt 00:01:05]} Rg8 {[%clk 01:10:46]}
{[%emt 00:08:50]} 15. bxa6 {[%clk 00:58:16]} {[%emt 00:20:55]} Qa5+ {[%clk
00:45:41]} {[%emt 00:25:34]} 16. Kf1 {[%clk 00:57:15]} {[%emt 00:01:31]} Qxd5
{[%clk 00:45:54]} {[%emt 00:00:17]} 17. f3 {[%clk 00:56:03]} {[%emt 00:01:42]}
Rc8 {[%clk 00:36:59]} {[%emt 00:23:13]} 18. Qa4+ {[%clk 00:25:14]} {[%emt
00:17:30]} Ke7 {[%clk 00:36:42]} {[%emt 00:00:47]} 19. Bc4 {[%clk 00:24:39]}
{[%emt 00:01:07]} Qa8 {[%clk 00:36:12]} {[%emt 00:01:00]} 20. Qa5 {[%clk
00:22:19]} {[%emt 00:02:50]} Nxf3 {[%clk 00:18:53]} {[%emt 00:17:49]} 21. Bd5
{[%clk 00:20:37]} {[%emt 00:32:43]} Nd2+ 22. Qxd2 {[%clk 00:20:55]} Qxa6+
{[%clk 00:15:20]} 23. Qe2 {[%clk 00:20:25]} Qa7 {[%clk 00:14:44]} 24. g3 {[%clk
00:18:22]} Bh6 {[%clk 00:13:55]} 25. Kg2 {[%clk 00:17:24]} Be3 {[%clk
00:13:06]} 26. Nc4 {[%clk 00:17:03]} Rxc4 27. Qxc4 {[%clk 00:17:12]} f4 {[%clk
00:12:02]} 28. Bxf7 {[%clk 00:17:20]} Qb7+ {[%clk 00:12:05]} 29. Bd5 {[%clk
00:16:49]} Qxb2+ {[%clk 00:12:16]} 30. Kh3 {[%clk 00:17:11]} Rg6 {[%clk
00:11:54]} 31. Qc7+ {[%clk 00:17:21]} Kf6 {[%clk 00:12:19]} 32. Qxd6+ {[%clk
00:17:26]} Kg7 {[%clk 00:11:45]} 33. Qe7+ {[%clk 00:16:57]} Kh6 {[%clk
00:12:14]} 34. Qf8+ {[%clk 00:16:06]} Kh5 {[%clk 00:12:07]} 35. Bf3+ {[%clk
00:15:58]} Kg5 {[%clk 00:12:27]} 36. gxf4+ {[%clk 00:16:21]} 1-0

[Event "TIPC 2019 Groupe A"]
[Site ""]
[Date "2019.08.03"]
[Round "9.7"]
[White "Faybish, Nimrod"]
[Black "Van Doren, Bas"]
[Result "0-1"]
[WhiteElo "2220"]
[BlackElo "1976"]

1. d4 {[%clk 01:30:55]} {[%emt 00:00:04]} Nf6 {[%clk 01:29:16]} {[%emt
00:01:45]} 2. c4 {[%clk 01:31:16]} {[%emt 00:00:08]} g6 {[%clk 01:29:43]}
{[%emt 00:00:04]} 3. Nc3 {[%clk 01:31:28]} {[%emt 00:00:17]} d5 {[%clk
01:30:09]} {[%emt 00:00:04]} 4. cxd5 {[%clk 01:31:35]} {[%emt 00:00:23]} Nxd5
{[%clk 01:30:34]} {[%emt 00:00:05]} 5. e4 {[%clk 01:31:50]} {[%emt 00:00:14]}
Nxc3 {[%clk 01:31:01]} {[%emt 00:00:04]} 6. bxc3 {[%clk 01:32:10]} {[%emt
00:00:10]} Bg7 {[%clk 01:31:28]} {[%emt 00:00:02]} 7. Be3 {[%clk 01:32:21]}
{[%emt 00:00:19]} c5 {[%clk 01:31:54]} {[%emt 00:00:05]} 8. Qd2 {[%clk
01:31:17]} {[%emt 00:01:33]} cxd4 {[%clk 01:31:40]} {[%emt 00:00:46]} 9. cxd4
{[%clk 01:31:39]} {[%emt 00:00:08]} Nc6 {[%clk 01:32:07]} {[%emt 00:00:03]} 10.
Rd1 {[%clk 01:14:20]} {[%emt 00:17:48]} O-O {[%clk 01:32:23]} {[%emt 00:00:14]}
11. d5 {[%clk 00:52:27]} {[%emt 00:33:14]} Qa5 {[%clk 01:32:47]} 12. Qxa5
{[%clk 00:52:37]} Nxa5 {[%clk 01:33:16]} 13. Bd2 {[%clk 00:45:01]} b6 {[%clk
01:33:41]} 14. Bb4 {[%clk 00:45:16]} f5 {[%clk 01:17:55]} {[%emt 00:14:18]} 15.
Bxe7 {[%clk 00:36:54]} {[%emt 00:08:51]} Bc3+ {[%clk 01:14:05]} {[%emt
00:04:20]} 16. Ke2 {[%clk 00:37:19]} {[%emt 00:00:06]} Re8 {[%clk 01:07:33]}
{[%emt 00:07:01]} 17. d6 {[%clk 00:36:02]} {[%emt 00:01:47]} Nc6 {[%clk
01:06:42]} {[%emt 00:01:21]} 18. Kd3 {[%clk 00:23:08]} {[%emt 00:13:23]} Bg7
{[%clk 01:00:24]} {[%emt 00:06:49]} 19. Bg5 {[%emt 00:02:04]} Rxe4 {[%clk
00:57:53]} {[%emt 00:02:53]} 20. Kc2 {[%clk 00:19:04]} {[%emt 00:03:09]} Nb4+
{[%clk 00:53:19]} {[%emt 00:05:03]} 21. Kb1 {[%clk 00:15:50]} {[%emt 00:03:44]}
Be6 {[%clk 00:52:54]} {[%emt 00:00:55]} 22. d7 {[%clk 00:14:43]} {[%emt
00:01:37]} Bxd7 {[%clk 00:53:10]} {[%emt 00:00:14]} 23. f3 {[%clk 00:12:33]}
{[%emt 00:02:40]} Ree8 {[%clk 00:42:47]} {[%emt 00:10:54]} 24. Bc4+ {[%clk
00:12:48]} {[%emt 00:00:15]} Be6 {[%clk 00:43:11]} {[%emt 00:00:06]} 25. Bxe6+
{[%clk 00:13:03]} {[%emt 00:00:15]} Rxe6 {[%clk 00:43:38]} {[%emt 00:00:03]} 26.
Nh3 {[%clk 00:12:15]} {[%emt 00:01:18]} Rc8 {[%clk 00:33:29]} {[%emt 00:10:39]}
27. Rc1 {[%clk 00:07:01]} {[%emt 00:05:44]} Rc5 {[%clk 00:32:03]} {[%emt
00:01:56]} 28. Nf4 {[%clk 00:06:29]} {[%emt 00:01:02]} Rec6 {[%clk 00:24:36]}
{[%emt 00:07:58]} 29. Rxc5 {[%clk 00:06:30]} {[%emt 00:00:28]} bxc5 {[%clk
00:24:55]} {[%emt 00:00:11]} 30. a3 {[%clk 00:05:13]} {[%emt 00:01:47]} Ra6
{[%clk 00:25:00]} {[%emt 00:00:24]} 31. Rd1 {[%clk 00:02:08]} {[%emt 00:03:35]}
h6 {[%clk 00:22:15]} {[%emt 00:03:16]} 32. Rd8+ {[%clk 00:02:27]} {[%emt
00:00:11]} Kh7 {[%clk 00:21:46]} {[%emt 00:00:59]} 33. axb4 {[%clk 00:01:57]}
{[%emt 00:01:00]} hxg5 {[%clk 00:16:07]} {[%emt 00:06:09]} 34. Nh3 {[%clk
00:01:34]} {[%emt 00:00:54]} cxb4 {[%clk 00:14:29]} {[%emt 00:02:08]} 35. Nxg5+
{[%clk 00:01:57]} {[%emt 00:00:06]} Kh6 {[%clk 00:14:53]} {[%emt 00:00:05]} 36.
h4 {[%clk 00:00:57]} {[%emt 00:01:30]} b3 {[%clk 00:14:30]} {[%emt 00:00:53]}
37. Nf7+ {[%clk 00:00:37]} {[%emt 00:00:51]} Kh5 {[%clk 00:14:50]} {[%emt
00:00:11]} 38. g4+ {[%clk 00:00:36]} {[%emt 00:00:31]} Kxh4 {[%clk 00:15:01]}
{[%emt 00:00:18]} 39. Kc1 {[%clk 00:00:35]} {[%emt 00:00:32]} b2+ {[%clk
00:15:21]} {[%emt 00:00:10]} 0-1

[Event "TIPC 2019 Groupe A"]
[Site ""]
[Date "2019.08.03"]
[Round "9.17"]
[White "Bruno, Ricardo"]
[Black "Van Droogenbroeck, Marc"]
[Result "1/2-1/2"]
[WhiteElo "2007"]
[BlackElo "2114"]

1. e4 {[%clk 01:30:59]} {[%emt 00:26:54]} c5 {[%clk 01:30:55]} {[%emt
00:00:06]} 2. Nf3 {[%clk 01:31:22]} {[%emt 00:00:06]} d6 {[%clk 01:31:20]}
{[%emt 00:00:07]} 3. d4 {[%clk 01:31:49]} {[%emt 00:00:03]} cxd4 {[%clk
01:31:46]} {[%emt 00:00:04]} 4. Nxd4 {[%clk 01:32:14]} {[%emt 00:00:04]} Nf6
{[%clk 01:32:09]} {[%emt 00:00:07]} 5. Nc3 {[%clk 01:32:41]} {[%emt 00:00:04]}
g6 {[%clk 01:32:24]} {[%emt 00:00:15]} 6. Be3 {[%clk 01:33:04]} {[%emt
00:00:06]} Bg7 {[%clk 01:32:39]} {[%emt 00:00:15]} 7. f3 {[%clk 01:33:17]}
{[%emt 00:00:17]} Nc6 {[%clk 01:32:14]} {[%emt 00:00:56]} 8. Qd2 {[%clk
01:33:41]} {[%emt 00:00:05]} O-O {[%clk 01:32:31]} {[%emt 00:00:13]} 9. Bc4
{[%clk 01:34:08]} {[%emt 00:00:03]} Nd7 {[%clk 01:30:08]} {[%emt 00:02:54]} 10.
O-O-O {[%clk 01:33:38]} {[%emt 00:01:00]} Nb6 {[%clk 01:30:02]} {[%emt
00:00:36]} 11. Bb3 {[%clk 01:34:01]} {[%emt 00:00:06]} Na5 {[%clk 01:30:27]}
{[%emt 00:00:06]} 12. Qd3 {[%clk 01:33:49]} {[%emt 00:00:40]} Bd7 {[%clk
01:28:00]} {[%emt 00:02:57]} 13. h4 {[%clk 01:34:05]} {[%emt 00:00:13]} Rc8
{[%clk 01:27:12]} {[%emt 00:01:19]} 14. h5 {[%clk 01:34:08]} {[%emt 00:00:28]}
Nbc4 {[%clk 01:27:17]} {[%emt 00:00:25]} 15. hxg6 {[%clk 01:33:59]} {[%emt
00:00:39]} fxg6 {[%clk 01:27:44]} {[%emt 00:00:02]} 16. Kb1 {[%clk 01:31:57]}
{[%emt 00:02:31]} Nxb3 {[%clk 01:18:56]} {[%emt 00:09:19]} 17. axb3 {[%clk
01:31:50]} {[%emt 00:00:37]} Nxe3 {[%clk 01:19:17]} {[%emt 00:00:09]} 18. Qxe3
{[%clk 01:32:11]} {[%emt 00:00:09]} Rf7 {[%clk 00:53:35]} {[%emt 00:30:55]} 19.
Nd5 {[%clk 01:24:19]} {[%emt 00:03:39]} b5 {[%clk 00:46:23]} {[%emt 00:07:43]}
20. f4 {[%clk 01:22:12]} {[%emt 00:02:35]} e6 {[%clk 00:42:50]} {[%emt
00:04:03]} 21. Nc3 {[%clk 01:14:37]} {[%emt 00:08:04]} b4 {[%clk 00:42:34]}
{[%emt 00:00:48]} 22. Nce2 {[%clk 01:12:37]} {[%emt 00:02:29]} Qa5 {[%clk
00:34:35]} {[%emt 00:08:29]} 23. Qh3 {[%clk 01:07:56]} {[%emt 00:05:11]} Bxd4
{[%clk 00:27:26]} {[%emt 00:07:39]} 24. Nxd4 {[%clk 01:07:19]} {[%emt
00:01:07]} e5 {[%clk 00:27:49]} {[%emt 00:00:08]} 25. Ne6 {[%clk 01:07:38]}
{[%emt 00:00:10]} exf4 {[%clk 00:27:52]} {[%emt 00:00:28]} 26. Rxd6 {[%clk
01:03:53]} {[%emt 00:04:14]} Re8 {[%clk 00:20:07]} {[%emt 00:08:15]} 27. Rxd7
{[%clk 00:58:38]} {[%emt 00:05:44]} Rxd7 {[%clk 00:20:36]} {[%emt 00:00:03]} 28.
Nf8 {[%clk 00:58:49]} {[%emt 00:00:19]} Rg7 {[%clk 00:16:45]} {[%emt 00:04:21]}
29. Nxh7 {[%clk 00:57:37]} {[%emt 00:01:41]} Qe5 {[%clk 00:16:18]} {[%emt
00:00:58]} 30. Qh4 {[%clk 00:57:08]} {[%emt 00:00:59]} g5 {[%clk 00:15:32]}
{[%emt 00:01:16]} 31. Qh5 {[%clk 00:56:45]} {[%emt 00:00:53]} Ree7 {[%clk
00:15:20]} {[%emt 00:00:43]} 32. Rd1 {[%clk 00:47:22]} {[%emt 00:09:54]} Rd7
{[%clk 00:07:11]} {[%emt 00:08:39]} 33. Rxd7 Rxd7 {[%emt 00:05:00]} 34. Nxg5
{[%emt 00:00:02]} 1/2-1/2